000 00536nam a22001937a 4500
003 KOHA_MİRAKIL
005 20251125102426.0
008 251125b tu ||||| |||| 00| 0 tur d
020 _a9786052983089
040 _aTR-AnABB
_btur
_cTR-AnABB
041 _atur
082 _a828.334
_bWHA 2018
100 1 _aWharton, Edith,
245 1 0 _aKeyif evi /
_cEdith Wharton
260 _aİstanbul :
_bKırmızı Kedi Yayınları,
_c2018
300 _a468 sayfa ;
_c21 cm
650 0 4 _aAmerikan edebiyatı, roman
942 _2ddc
_cBK
999 _c9613
_d9613
900 _bGizem YORULMAZ